1986 1345 1134 1371 1288 1068 1217 1289 1716 1246 1560 1579 1364 1781 1294 1253 1536 1555 1510 1240 1906 1045 1922 1552 1984 1934 1420 1894 1673 1618 1548 1246 1470 1755 1728 1777 1304 1756 1155 1864 1104 1683 1309 1310 1250 1949 1799 1883 1996 1247 1632 1356 1847 1162 1418 1141 1822 1047 1400 1112 1285 1448 1255 1352 1968 1975 1624 1535 1442 1473 1722 1383 1438 1675 1789 1488 1849 1157 1267 1355 1108 1834 1660 1203 1065 1963 1290 1332 1778 1566 1795 1640 1991 1748 1306 1492 1432 1147 1694 BCNSPRNW ULIB Ver.6.0+V

เปลี่ยนเป็นภาษาไทย

Change to English
 แสดงรายละเอียดบรรณานุกรม
  กลับหน้าหลัก

Brief Record : Get Marc (ISO 2709) : E-mail record : QR code < ปิดหน้าต่าง
LEADER : 00000nam 2200000uu 4500
001    13399108770
003     ULIB
008    110314s2552||||th 000 0 tha d
020    9789746385862
060  4 W21^bร796ห 2552
100 0  เริงฤทธ์ คงเมือง
245 00 หมอ:ตระเวนชายแดนภารกิจสุขภาพเพื่อคนยาก/^cเริงฤทธ์ คงเมือง
250    พิมพ์ครั้งที่ 1
260    กรุงเทพฯ:^bสำนักวิจัยสังคมและสุขภาพ,^c2552
300    119 หน้า:^bภาพประกอบสี
650  7 แพทย์ชนนบท
945    ^p180^l0^i025711
995    ทศพร
999 ^a ใช้งานได้ทุกระบบ
รายการนี้ยังไม่มีแท็ก
คุณยังไม่ได้ล็อกอิน คุณสามารถมีกิจกรรมร่วมกับเว็บไซต์ได้ แต่ต้องล็อกอินก่อน ::
  ล็อกอิน

รายการสื่อสารสนเทศ

ลำดับที่ ประเภท เลขเรียก/บาร์โค้ด สถานที่ สถานะ
- ไม่พบข้อมูล -

BibComment


ยังไม่เคยถูกคอมเมนท์

คอมเมนท์ทรัพยากรรายการนี้
  คอมเมนท์: หมอตระเวนชายแดนภา..


 Copyright 2026. Bcnsprnw @Library